| 000 | 00786nam a2200193 a 4500 | ||
|---|---|---|---|
| 003 | 0 | ||
| 005 | 20250319105910.0 | ||
| 008 | 080915s19uu xx 00 eng d | ||
| 050 |
_aPHS TD 745 _b.Ca21 2008 |
||
| 100 | _aCarmona, Faye C. | ||
| 245 |
_aNeutralizing ability of Calcium carbonate in crab shells on nata de coco effluents as a form of waste water treatment / _cFaye C. Carmona. |
||
| 260 |
_aLas PiƱas City, Philippines : _bSouthville International School and Colleges, _c2008. |
||
| 300 |
_a30 pages : _billustrations ; _c28 cm. |
||
| 504 | _aIncludes bibliographical references. | ||
| 650 |
_aWater _xPurification _vCalcium carbonate. |
||
| 650 |
_aWastewater _xPurification _vBiodegradation. |
||
| 650 |
_aShellfish _xBy-products _vEnvironmental aspects. |
||
| 942 |
_2lcc _cPASS |
||
| 999 |
_c98068 _d98068 |
||